000
00323nam a2200133Ia 4500
008
210210b1983 xxu||||| |||| 00| 0 eng d
082
_a
823.914 MORC
100
_a
MORAVIA (Alberto).
245
_a
Conformist.
260
_a
N Y
_b
Granada Publishing
_c
1983
300
_a
349
690
_a
English Fiction
906
_a
SG01870
999
_c
113162
_d
113162